Detalles MARC
| 000 -CABECERA |
| fixed length control field |
00872nam a2200241Ia 4500 |
| 003 - CONTROL NUMBER IDENTIFIER |
| control field |
AR-BeUNQ |
| 005 - FECHA Y HORA DE LA ULTIMA TRANSACCION |
| control field |
20230928160257.0 |
| 008 - ELEMENTOS DE LONGITUD FIJA-INFORMACION GENERAL |
| fixed length control field |
230915s2010 ag ad 000 0 und d |
| 020 ## - NUMERO INTERNACIONAL NORMALIZADO PARA LIBROS |
| Número Internacional Normalizado del libro |
97895000752 |
| 040 ## - FUENTE DE CATALOGACION |
| Agencia de catalogación original |
AR-BeUNQ |
| Idioma de catalogación |
ESPAÑOL |
| Convenciones de la descripción |
aacr |
| Agencia que realiza la transcripción |
AR-BeUNQ |
| 082 ## - NUMERO DE CLASIFICACION DECIMAL DEWEYMBER |
| Número de clasificación |
541.2 |
| Número de la edición |
21 |
| 100 1# - ASIENTO PRINCIPAL-NOMBRE PERSONAL |
| Nombre personal |
Rosi, Pablo |
| 245 10 - MENCION DE TITULO |
| Título |
Introducción a la representación molecular / |
| Mención de responsabilidad, etc |
Pablo E. Rosi. |
| 260 ## - PUBLICACION, DISTRIBUCION, ETC. |
| Lugar de publicación, distribución, etc. |
Ciudad Autónoma de Buenos Aires : |
| Nombre del editor, distribuidor, etc. |
Instituto Nacional de Educación Tecnológica, |
| Fecha de publicación, distribución, etc |
2010. |
| 300 ## - DESCRIPCION FISICA |
| Extensión |
188 p. : |
| Otros detalles físicos |
il., gráficos ; |
| Dimensiones |
24 cm. |
| 490 ## - MENCION DE SERIE |
| Mención de serie |
Las ciencias naturales y la matemática |
| 650 #7 - ASIENTO SECUNDARIO DE MATERIA - TERMINO TEMATICO |
| Término temático o nombre geográfico como elemento de entrada |
Enseñanza media |
| Fuente del encabezamiento o términ |
spines |
| 650 #7 - ASIENTO SECUNDARIO DE MATERIA - TERMINO TEMATICO |
| Término temático o nombre geográfico como elemento de entrada |
Química molecular |
| Fuente del encabezamiento o términ |
spines |
| 650 #7 - ASIENTO SECUNDARIO DE MATERIA - TERMINO TEMATICO |
| Término temático o nombre geográfico como elemento de entrada |
Teoría Molecular |
| Fuente del encabezamiento o términ |
spines |
| 830 ## - ASIENTO SECUNDARIO DE SERIE--TITULO UNIFORME |
| Designación numérica/secuencial del volumen |
Las ciencias naturales y la matemática |
| 929 ## - DATOS DE ADQUISICION |
| Procedencia |
DONACION |
| Proveedor |
Biblioteca Popular Jose Ingenieros |
| Precio |
0 |
| Fecha de recibido |
2017 |
| Número de inventario |
60690 |
| Es copia |
1 |
| Patrimonio UNQ |
PAT0080499 |
| 942 ## - ELEMENTOS DE PUNTO DE ACCESO ADICIONAL (KOHA) |
| Tipo de ítem Koha |
Libros |
| Suppress in OPAC |
0 |